000
00245nam a2200097Ia 4500
001
679768
005
20250826161329.0
008
250824s9999 xx 000 0 und d
245
0
_a
DÖRT KOZALAK
_c
KARİN KARAKAŞLI
260
_b
GÜNIŞIĞI YAYINLARI
999
_c
679768
_d
679768